Die Cellulosefabrikation: Practisches Handbuch für Papier- und Cellulosetechniker, Kaufmännische Directoren, Werkführer sowie zum Unterricht in Fachschulen; Mit 51 Illustrationen

Bibliografische gegevens
Hoofdauteur: Schubert M. Max
Samenvatting:Раздельная пагинация страниц
Корешок и обложка с золотым тиснением
Taal:Duits
Gepubliceerd in: Berlin, Fischer's technologischer Verlag, [1901?]
Onderwerpen:
Formaat: Boek
KOHA link:https://koha.lib.tpu.ru/cgi-bin/koha/opac-detail.pl?biblionumber=682286

MARC

LEADER 00000nam0a2200000 4500
001 682286
005 20260319101404.0
090 |a 682286 
100 |a 20251014f1901 km|y0rusy50 ba 
101 0 |a ger 
102 |a DE 
105 |a a z 000yy 
181 0 |a i   |b  e  
182 0 |a n 
183 0 |a nc  |2 RDAcarrier 
200 1 |a Die Cellulosefabrikation  |e Practisches Handbuch für Papier- und Cellulosetechniker, Kaufmännische Directoren, Werkführer sowie zum Unterricht in Fachschulen  |d [Производство целлюлозы]  |z rus  |e Mit 51 Illustrationen  |f Max Schubert 
203 |a Текст  |b визуальный  |c непосредственный 
210 |a Berlin  |c Fischer's technologischer Verlag  |d [1901?] 
215 |a VIII, 230 S.  |c il. 
283 |a volume  |2 RDAcarrier 
300 |a Раздельная пагинация страниц 
300 |a Корешок и обложка с золотым тиснением 
316 |5 63413507: 10659  |a На титульном листе владельческая подпись: "A. Сабекъ" 
316 |5 63413507: 10659  |a На орнаментальном форзаце экслибрис: "Н. Киммель. Книжный магазинъ въ Риге" 
317 |5 63413507: 10659  |a Поступил в НТБ в 1910 г. в составе книжного собрания профессора ТТИ А. Э. Сабека 
517 |a Die Cellulosefabrikation  |z ger 
606 |a Целлюлоза  |9 43521 
610 1 |a производство 
610 1 |a древесина 
610 1 |a подготовка 
610 1 |a технология 
610 1 |a варка 
610 1 |a мойка 
610 1 |a отбеливание 
610 1 |a технологические процессы 
610 1 |a немецкий язык 
610 1 |a практические руководства 
610 1 |a Коллекция А. Э. Сабека 
610 1 |a владельческая подпись 
675 |a 676(076.8)  |v 4 
700 1 |a Schubert  |b M.  |g Max 
801 0 |a RU  |b 63413507  |c 20251014 
830 |a Ретро2025Каталогизация Кузнецова (РФ) 
850 |a 63413507 
942 |c BK